00785nam a22002297a 4500003001100000005001700011008004100028020001500069040003900084041000800123082001600131100001900147245007200166260005000238300006600288650002300354650003700377650002800414942000700442952009100449999001500540LK-CoMWRAF20240212142533.0230929b2000 |||||||| |||| 00| 0 eng d a9559684302 aLK-CoMWRAFdLK-CoMWRAFeLK-CoMWRAF aeng a398.27bURA aUragoda, C. G. aTraditions of Sri Lanka: bA selection with a scientific background aRatnamalana :bVishva lekha publishers,c2000 aviii, 319 p. : ill. ; 22 cm.bBibliography and index included aFOLKLORE-Sri Lanka aTraditional medicine-Sri Lanka.  aHerbs--Therapeutic use. cBK 00104070aMAINbMAINd2023-09-29l0o398.27 URApRAF1539r2023-09-29w2023-09-29yBK c3746d3746